000 00586nam a22002177a 4500
003 UA-OsUOA
001 107827
007 ta
008 20140915b un ||||| |||| 00| 0 ukr d
100 _aДяченко Т.
090 _a32
_bД99
942 _cSA
040 _aUA-OsUOA
_bukr
_cUA-OsUOA
_dUA-OsUOA
245 _aБатько путінської брехні. "Уроки" маніпулювання від доктора Геббельса
300 _aС.9
955 _a0
041 _aukr
080 _a32
773 0 _w107826
650 7 _a32 Політика
_2UDC
999 _c393855
_d393855